Statistics for Grunge Band Members (Nirvana, Pearl Jam, Alice in Chains ...)

Click here to take the quiz!

General Stats

  • This quiz has been taken 238 times
  • The average score is 11 of 34

Answer Stats

Answer % Correct
Kurt Cobain
98%
Eddie Vedder
91%
Dave Grohl
91%
Chris Cornell
83%
Layne Staley
62%
Stone Gossard
59%
Krist Novoselić
59%
Jerry Cantrell
53%
Jeff Ament
50%
Mike McCready
50%
Matt Cameron
49%
Andrew Wood
40%
Mike Starr
32%
Kim Thayil
30%
Jack Irons
30%
Mike Iñez
30%
Chad Channing
28%
William DuVall
27%
Sean Kinney
23%
Dave Abbruzzese
22%
Dave Krusen
21%
Ben Shepherd
20%
Mark Lanegan
17%
Matt Chamberlain
15%
Hiro Yamamoto
13%
Barrett Martin
9%
John Baker Saunders
6%
Bruce Fairweather
5%
Greg Gilmore
4%
Scott Sundquist
4%
Aaron Burckhard
3%
Gary Lee Conner
2%
Van Conner
2%
Mark Pickerel
1%

Score Distribution

Percentile by Number Answered

Percent of People with Each Score

Your Score History

You have not taken this quiz